000 00804naa a2200229 4500
005 20090715112824.0
008 081029t xxu||||| |||| 00| 0 eng d
010 _aENG-94419
020 _a9788180545665
_c100.00
035 _aEN-77952
037 _bDBAD / PUB
040 _adpl
_bEnglish
082 _a174.4
100 _aGupta, C.B.
245 _aValues and ethics in business /
_cby C.B. Gupta
260 _aNew Delhi
_bSultan Chand
_c2009
270 _a23, Daryaganj,
_bNew Delhi
_e110002
300 _aVarious pagings
_c25cm(PBK)
650 _aBusiness ethics
942 _2ddc
_cEN
_h174.4
_mGUP
999 _c28288
_d28288